| 000 | 00000nam 2200000zi 4500 |
| 001 | 9.563039 |
| 003 | CaOODSP |
| 005 | 20240527135425 |
| 007 | cr ||||||||||| |
| 008 | 150406s2008 oncb||||o f|0| 0 eng d |
| 020 | |a978-0-662-46721-2|z978-0-662-46720-5 |
| 040 | |aCaOODSP|beng |
| 043 | |an-cn-nt|an-cn-nu |
| 086 | 1 |aCW69-1/114E-PDF |
| 100 | 1 |aLatour, Paul B. |q(Paul Bernard),|d1951- |eauthor. |
| 245 | 10|aKey migratory bird terrestrial habitat sites in the Northwest Territories and Nunavut / |cP.B. Latour ... [et al.]. |
| 250 | |a3rd ed. |
| 264 | 1|aOttawa : |bEnvironment Canada, Canadian Wildlife Service, |c2008. |
| 300 | |a1 online resource (120 pages) : |bmaps. |
| 336 | |atext|btxt|2rdacontent |
| 337 | |acomputer|bc|2rdamedia |
| 338 | |aonline resource|bcr|2rdacarrier |
| 490 | 1 |aOccasional paper ; |vNo. 114 |
| 500 | |aIssued in one complete PDF file or multiple PDF's. |
| 500 | |a"February 2008." |
| 500 | |aIssued also in French under title: Habitats terrestres clés pour les oiseaux migrateurs dans les Territoires du Nord-Ouest et au Nunavut. |
| 504 | |aIncludes bibliographical references. |
| 520 | 3 |a"Describes key terrestrial habitat areas that are essential to the welfare of various migratory bird species in Canada"--Abstract. |
| 530 | |aIssued also in print format. |
| 590 | |a09-33|b2009-08-14 |
| 692 | 07|2gccst|aMigratory birds |
| 710 | 2 |aCanadian Wildlife Service, |eissuing body. |
| 775 | 08|tHabitats terrestres clés pour les oiseaux migrateurs dans les Territoires du Nord-Ouest et au Nunavut / |w(CaOODSP)9.595050 |
| 776 | 0#|tKey migratory bird terrestrial habitat sites in the Northwest Territories and Nunavut / |w(CaOODSP)9.618463 |
| 830 | #0|aOccasional paper (Canadian Wildlife Service)|vNo. 114|w(CaOODSP)9.504780 |
| 856 | 40|qPDF|s12.47 MB|uhttps://publications.gc.ca/collections/collection_2018/eccc/CW69-1-114-eng.pdf|zComplete publication in one PDF |
| 856 | 40|ahttp://publications.gc.ca|qPDF|s1208 KB|uhttps://publications.gc.ca/collections/collection_2009/ec/CW69-1-114-1E.pdf|zPart 1 of 9 |
| 856 | 40|ahttp://publications.gc.ca|qPDF|s1452 KB|uhttps://publications.gc.ca/collections/collection_2009/ec/CW69-1-114-2E.pdf|zPart 2 of 9 |
| 856 | 40|ahttp://publications.gc.ca|qPDF|s1354 KB|uhttps://publications.gc.ca/collections/collection_2009/ec/CW69-1-114-3E.pdf|zPart 3 of 9 |
| 856 | 40|ahttp://publications.gc.ca|qPDF|s1804 KB|uhttps://publications.gc.ca/collections/collection_2009/ec/CW69-1-114-4E.pdf|zPart 4 of 9 |
| 856 | 40|ahttp://publications.gc.ca|qPDF|s1280 KB|uhttps://publications.gc.ca/collections/collection_2009/ec/CW69-1-114-5E.pdf|zPart 5 of 9 |
| 856 | 40|ahttp://publications.gc.ca|qPDF|s2000 KB|uhttps://publications.gc.ca/collections/collection_2009/ec/CW69-1-114-6E.pdf|zPart 6 of 9 |
| 856 | 40|ahttp://publications.gc.ca|qPDF|s1915 KB|uhttps://publications.gc.ca/collections/collection_2009/ec/CW69-1-114-7E.pdf|zPart 7 of 9 |
| 856 | 40|ahttp://publications.gc.ca|qPDF|s1700 KB|uhttps://publications.gc.ca/collections/collection_2009/ec/CW69-1-114-8E.pdf|zPart 8 of 9 |
| 856 | 40|ahttp://publications.gc.ca|qPDF|s760 KB|uhttps://publications.gc.ca/collections/collection_2009/ec/CW69-1-114-9E.pdf|zPart 9 of 9|yNo. 114 |